| 000 -ლიდერი |
| ფიქსირებული სიგრძის საკონტროლო ველი |
01566nam a22002417a 4500 |
| 003 - საკონტროლო ნომრის იდენტიფიკატორი |
| საკონტროლო ველი |
Ge_BSU |
| 005 - ბოლო ოპერაციის თარიღი და დრო |
| საკონტროლო ველი |
20251006212147.0 |
| 008 - ფიქსირებული სიგრძის მონაცემთა ელემენტები - ზოგადი ინფორმაცია |
| ფიქსირებული სიგრძის საკონტროლო ველი |
251006s2025 ge ||||| |||| 00| 0 geo d |
| 020 ## - წიგნის საერთაშორისო სტანდარტული ნომერი |
| International Standard Book Number |
9789941518119 |
| 041 ## - ენის კოდი |
| Language code of text/sound track or separate title |
geo |
| 080 ## - უნივერსალური ათობითი კლასიფიკაციის ინდექსი |
| Universal Decimal Classification number |
37.026(042.4) გ-20 |
| 245 ## - ცნობა სათაურის შესახებ |
| Title |
განათლების, სწავლა/სწავლებისა და აღზრდის საკითხები (თანამედროვე დიდაქტიკა) : |
| Remainder of title |
II ნაწ. / |
| Statement of responsibility, etc |
ავტორები : ი.ბასილაძე, ქ. ძოწენიძე, მ. ახვლედიანი, ნ. ჭოხონელიძე, ნ .ყანჩელი; აწსუ. პედაგოგიური ფაკულტეტი. პედაგოგიკის დეპარტამენტი. |
| 264 ## - წარმოების, გამოცემის, დისტრიბუციის და სხვა ცნობები |
| გამოცემის, წარმოების, დისტრიბუციის... ადგილი |
ქუთაისი : |
| გამოცემის, წარმოების, დისტრიბუციის... სახელწოდება |
აწსუ, |
| გამოცემის, წარმოების, დისტრიბუციის... თარიღი |
2025. |
| 300 ## - ფიზიკური აღწერა |
| Extent |
496 გვ.; |
| Other physical details |
29 სმ. |
| 653 ## - INDEX TERM--UNCONTROLLED |
| Uncontrolled term |
განათლება |
| 700 ## - ADDED ENTRY--PERSONAL NAME |
| Personal name |
ბასილაძე, ი. |
| Relator term |
ავტორი |
| 9 (RLIN) |
13339 |
| 700 ## - ADDED ENTRY--PERSONAL NAME |
| Personal name |
ძოწენიძე, ქ. |
| Relator term |
ავტორი |
| 9 (RLIN) |
25942 |
| 700 ## - ADDED ENTRY--PERSONAL NAME |
| Personal name |
ახვლედიანი, მ. |
| Relator term |
ავტორი |
| 9 (RLIN) |
11995 |
| 700 ## - ADDED ENTRY--PERSONAL NAME |
| Personal name |
ჭოხონელიძე, ნ. |
| Relator term |
ავტორი |
| 9 (RLIN) |
25943 |
| 700 ## - ADDED ENTRY--PERSONAL NAME |
| Personal name |
ყანჩელი, ნ. |
| Relator term |
ავტორი |
| 9 (RLIN) |
25944 |
| 710 ## - ADDED ENTRY--CORPORATE NAME |
| Corporate name or jurisdiction name as entry element |
აწსუ. |
| Subordinate unit |
პედაგოგიური ფაკულტეტი. პედაგოგიკის დეპარტამენტი. |
| 9 (RLIN) |
25945 |
| 942 ## - ADDED ENTRY ELEMENTS (KOHA) |
| Source of classification or shelving scheme |
|
| Koha item type |
წიგნი |